000
00201 a2200109 4500
020
_a
9786071101297
041
_a
spa
100
_a
Icami Tiba
245
_a
Quien ama educa
942
_c
BK
952
_7
1
999
_c
22221
_d
22221